<?xml version="1.0" encoding="UTF-8"?>
<record
    xmlns:xsi="http://www.w3.org/2001/XMLSchema-instance"
    xsi:schemaLocation="http://www.loc.gov/MARC21/slim http://www.loc.gov/standards/marcxml/schema/MARC21slim.xsd"
    xmlns="http://www.loc.gov/MARC21/slim">

  <leader>01524nam a22002297a 4500</leader>
  <controlfield tag="003">OSt</controlfield>
  <controlfield tag="005">20240412172149.0</controlfield>
  <controlfield tag="008">240412b           ||||| |||| 00| 0 spa d</controlfield>
  <datafield tag="020" ind1=" " ind2=" ">
    <subfield code="a">9788408097266</subfield>
  </datafield>
  <datafield tag="040" ind1=" " ind2=" ">
    <subfield code="c">CO- Mq BPB</subfield>
  </datafield>
  <datafield tag="082" ind1=" " ind2=" ">
    <subfield code="a">AN </subfield>
    <subfield code="b">AMOe</subfield>
  </datafield>
  <datafield tag="100" ind1=" " ind2=" ">
    <subfield code="a">Amoraga, Carmen</subfield>
    <subfield code="e">Autor</subfield>
  </datafield>
  <datafield tag="245" ind1=" " ind2=" ">
    <subfield code="a">El tiempo Mientras Tanto</subfield>
  </datafield>
  <datafield tag="264" ind1=" " ind2=" ">
    <subfield code="a">Barcelona (Espa&#xF1;a)</subfield>
    <subfield code="b">Editorial Planeta </subfield>
    <subfield code="c">2010</subfield>
  </datafield>
  <datafield tag="300" ind1=" " ind2=" ">
    <subfield code="a">297 P&#xE1;ginas </subfield>
    <subfield code="b">Tapa rustica</subfield>
    <subfield code="c">23 cm</subfield>
  </datafield>
  <datafield tag="490" ind1=" " ind2=" ">
    <subfield code="a">Finalista Premio Planeta 2010</subfield>
  </datafield>
  <datafield tag="521" ind1=" " ind2=" ">
    <subfield code="a">Una gran novela de vidas cruzadas.

Son muchas las mujeres que esperan vivir una vida de novela: la que se casa aunque sue&#xF1;a con reencontrarse con el amor de su vida al doblar la esquina; la ni&#xF1;a que crece esperando que su vecino se fije en ella, y la convencida de que su conquista cruzar&#xE1; un oc&#xE9;ano para buscarla.

&#xC9;sta es la novela de Mar&#xED;a Jos&#xE9;, que sufre un accidente justo cuando ha recuperado el control de su vida. Y la novela de su madre, tan parecidas sin quererlo. Y tambi&#xE9;n la de Marga, su amiga, que sue&#xF1;a por las dos. Y la de Ferm&#xED;n, Paco y Joaqu&#xED;n. Es la historia de todas esas personas, unidos por lazos de amistad, de amor o de familia, y que a pesar de ello se convierten en desconocidos. S&#xF3;lo una mirada desde la distancia los ayuda a recomponer su propio mapa vital. Carmen Amoraga ha escrito una novela inolvidable.</subfield>
  </datafield>
  <datafield tag="521" ind1=" " ind2=" ">
    <subfield code="a">Recomendado para p&#xFA;blico adulto </subfield>
  </datafield>
  <datafield tag="650" ind1=" " ind2=" ">
    <subfield code="a">Ficci&#xF3;n Moderna Y Contempor&#xE1;nea</subfield>
  </datafield>
  <datafield tag="650" ind1=" " ind2=" ">
    <subfield code="a">Autores Espa&#xF1;oles e Iberoamericanos</subfield>
  </datafield>
  <datafield tag="942" ind1=" " ind2=" ">
    <subfield code="2">ddc</subfield>
    <subfield code="c">BKLIT</subfield>
  </datafield>
  <datafield tag="999" ind1=" " ind2=" ">
    <subfield code="c">15379</subfield>
    <subfield code="d">15379</subfield>
  </datafield>
  <datafield tag="952" ind1=" " ind2=" ">
    <subfield code="0">0</subfield>
    <subfield code="1">0</subfield>
    <subfield code="2">ddc</subfield>
    <subfield code="4">0</subfield>
    <subfield code="7">0</subfield>
    <subfield code="8">LA</subfield>
    <subfield code="a">BPMOS</subfield>
    <subfield code="b">BPMOS</subfield>
    <subfield code="c">FIC</subfield>
    <subfield code="d">2024-04-12</subfield>
    <subfield code="e">Donaci&#xF3;n</subfield>
    <subfield code="i">NT</subfield>
    <subfield code="l">1</subfield>
    <subfield code="m">1</subfield>
    <subfield code="o">AN  AMOe</subfield>
    <subfield code="p">MOS503584</subfield>
    <subfield code="r">2025-01-15</subfield>
    <subfield code="s">2024-12-06</subfield>
    <subfield code="t">Ej.1</subfield>
    <subfield code="w">2024-04-12</subfield>
    <subfield code="y">BKLIT</subfield>
    <subfield code="z">Quince dias</subfield>
  </datafield>
</record>
